| 000 | 01194cam a2200349 a 4500 | ||
|---|---|---|---|
| 001 | 7128285 | ||
| 003 | OSt | ||
| 005 | 20150408113918.0 | ||
| 008 | 110908s2008 enka f b 001 0 eng | ||
| 020 | _a9780335228553 (hbk.) | ||
| 020 | _a0335228550 (hbk.) | ||
| 020 | _a0335228569 (pbk.) | ||
| 020 | _a9780335228560 (pbk.) | ||
| 024 | _a40016513400 | ||
| 035 | _a(OCoLC)ocn225873539 | ||
| 035 | _a(OCoLC)225873539 | ||
| 035 | _a(NNC)7128285 | ||
| 040 |
_aUKM _cدار اجنادين _dBTCTA _dBAKER _dYDXCP _dBWK _dIUP _dPUL _dC#P |
||
| 082 | 0 | 4 |
_a361.3014 _221 _bG G M |
| 100 | 1 |
_aGlenny, Georgina. _94126 |
|
| 245 | 1 | 0 |
_aMultiprofessional communication : _bmaking systems work for children / _cGeorgina Glenny and Caroline Roaf. |
| 260 |
_aMaidenhead ; _aNew York, NY : _bMcGraw Hill/Open University Press, _c2008. |
||
| 300 |
_a138 p. : _bill. ; _c23 cm. |
||
| 504 | _aIncludes bibliographical references (p. [125]-131) and index. | ||
| 650 | 0 |
_aCommunication in social work. _94127 |
|
| 650 | 0 |
_aInterprofessional relations. _94128 |
|
| 650 | 0 |
_aChild welfare. _94129 |
|
| 700 | 1 |
_aRoaf, Caroline. _94130 |
|
| 942 |
_2ddc _cDVD |
||
| 948 | 1 |
_a20090423 _bc _csl13 _dMPS |
|
| 999 |
_c14289 _d248789 |
||